[Event "AUTO-OPEN-4288"]
[Site "http://www.queenalice.com/game.php?id=1763295"]
[Date "2021.6.29"]
[Round "1"]
[White "ratorei"]
[Black "ignacius"]
[Result "1-0"]
[WhiteElo "2143"]
[BlackElo "2104"]

1. e4 c5 2. Nf3 g6 3. d4 cxd4 4. Qxd4 Nf6 5. e5 Nh5 6. e6 fxe6 7. Qxh8 Qa5+ 8.
Qc3 Qxc3+ 9. Nxc3 Nc6 10. Bd2 d5 11. Nb5 Kd7 12. c4 Nf6 13. O-O-O a6 14. Nbd4
Kd6 15. Kb1 Ne4 16. Be3 Bg7 17. Nb3 a5 18. cxd5 exd5 19. Nfd2 Nxd2+ 20. Rxd2
Bf5+ 21. Bd3 Bxd3+ 22. Rxd3 a4 23. Bc5+ Ke6 24. Re1+ Kf7 25. Nd2 Rd8 26. Nf3 b5
27. Ng5+ Kg8 28. Ne6 Rd7 29. Nxg7 Kxg7 30. Re6 Nd8 31. Rxe7+ Rxe7 32. Bxe7 Nc6
33. Bc5 1-0

[Event "AUTO-OPEN-4288"]
[Site "http://www.queenalice.com/game.php?id=1763296"]
[Date "2021.6.29"]
[Round "1"]
[White "ignacius"]
[Black "ratorei"]
[Result "1-0"]
[WhiteElo "2034"]
[BlackElo "2127"]

1. d4 Nf6 2. c4 g6 3. e3 Bg7 4. g3 h5 5. Bg2 d5 6. cxd5 Nxd5 7. a3 Nc6 8. Nc3 e6
9. Nxd5 exd5 10. Nf3 Bg4 11. Qb3 Rb8 12. Nd2 Be6 13. Nf3 Bf6 14. Bd2 a6 15. Bb4
a5 16. Bd2 b5 17. Qc2 Qd7 18. Rc1 Rb6 19. O-O O-O 20. b4 axb4 21. axb4 Rc8 22.
Bc3 Bf5 23. Qd2 Qd6 24. Ne1 Be7 25. Nd3 Bxd3 26. Qxd3 Nxb4 27. Qe2 Ra8 28. Bxb4
Qxb4 29. Rxc7 Qd6 30. Rc5 Ra5 31. Rxd5 Qa3 32. Re5 Bd6 33. Re8+ Kg7 34. e4 Rb8
35. Rxb8 Bxb8 36. e5 b4 37. Rb1 b3 38. e6 fxe6 39. Qxe6 Rb5 40. Qd7+ Kh6 41.
Qxb5 Ba7 42. Qxb3 Qd6 43. Qe3+ g5 44. Rd1 Bb6 45. Qe4 Qf6 46. Qe5 Bxd4 47. Qxd4
1-0

[Event "AUTO-OPEN-4288"]
[Site "http://www.queenalice.com/game.php?id=1763317"]
[Date "2021.6.29"]
[Round "1"]
[White "ignacius"]
[Black "Castling"]
[Result "1-0"]
[WhiteElo "2122"]
[BlackElo "1546"]

1. d4 d5 2. c4 e6 3. cxd5 Qxd5 4. Nc3 Bb4 5. a3 Ba5 6. b4 Qc4 7. Bb2 Bb6 8. e3
Qc6 9. Bb5 Bd7 10. Bxc6 Nxc6 11. Na4 Nf6 12. Nxb6 1-0

[Event "AUTO-OPEN-4288"]
[Site "http://www.queenalice.com/game.php?id=1763318"]
[Date "2021.6.29"]
[Round "1"]
[White "Castling"]
[Black "ignacius"]
[Result "0-1"]
[WhiteElo "1714"]
[BlackElo "2057"]

1. e4 c5 2. Bc4 a6 3. Nc3 e6 4. Nf3 b5 5. Be2 Bb7 6. d4 cxd4 7. Nxd4 Bb4 8. Bd2
Bxc3 9. Bxc3 Bxe4 10. Qd2 Nf6 11. h3 O-O 12. O-O-O Nd5 13. Bf3 Bxf3 14. Nxf3
Nxc3 15. Qxc3 d5 16. Ne5 Nd7 17. f4 Rc8 18. Qd4 Nxe5 19. Qxe5 Qh4 20. g4 Qf2 21.
Rd2 Qf3 22. Rhh2 Qf1+ 23. Rd1 Qc4 24. Kb1 b4 25. b3 Qc3 26. Qxc3 Rxc3 27. f5 Rf3
28. Rd3 Rxd3 29. cxd3 e5 30. Rc2 e4 31. Rc6 e3 32. Rc1 d4 33. Rc4 e2 34. Rc1 Re8
35. Re1 f6 36. Kc1 Re3 37. Kd2 Rxh3 38. Rxe2 Rg3 39. Re4 Rg2+ 40. Re2 Rxg4 41.
Re4 Rg2+ 42. Re2 Rxe2+ 43. Kxe2 g5 44. fxg6 hxg6 45. Kf3 f5 46. Kf4 Kg7 47. Kg5
Kf7 48. Kf4 Kf6 0-1

[Event "AUTO-OPEN-4288"]
[Site "http://www.queenalice.com/game.php?id=1763319"]
[Date "2021.6.29"]
[Round "1"]
[White "ignacius"]
[Black "Artking"]
[Result "0-1"]
[WhiteElo "2115"]
[BlackElo "2138"]

1. d4 Nf6 2. c4 g6 3. e3 Bg7 4. g3 c6 5. Bg2 d6 6. Nf3 Nbd7 7. O-O O-O 8. Nc3 a6
9. a3 e5 10. d5 c5 11. Qc2 e4 12. Ng5 Re8 13. Ngxe4 Nxe4 14. Nxe4 Ne5 0-1

[Event "AUTO-OPEN-4288"]
[Site "http://www.queenalice.com/game.php?id=1763320"]
[Date "2021.6.29"]
[Round "1"]
[White "Artking"]
[Black "ignacius"]
[Result "1-0"]
[WhiteElo "2126"]
[BlackElo "2127"]

1. Nf3 c5 2. e4 a6 3. d4 cxd4 4. Nxd4 g6 5. Be3 Bg7 6. Bc4 e6 7. Nc3 d6 8. O-O
Nf6 9. f3 Nc6 10. Qd2 Nxd4 11. Bxd4 O-O 12. a4 Qe7 13. Rae1 e5 14. Be3 1-0

[Event "AUTO-MASTER-3052"]
[Site "http://www.queenalice.com/game.php?id=1763361"]
[Date "2021.6.30"]
[Round "1"]
[White "cavaleiro_cambraia"]
[Black "ignacius"]
[Result "1-0"]
[WhiteElo "2356"]
[BlackElo "2064"]

1. d4 d5 2. Bf4 e6 3. Nf3 c5 4. e3 cxd4 5. exd4 Nc6 6. c3 Nf6 7. Bd3 g6 8. O-O
Bg7 9. h3 O-O 10. Re1 Nh5 11. Bh2 a6 12. Nbd2 Re8 13. Nf1 Nf6 14. Ne3 Re7 15.
Bg3 Nh5 16. Bh4 Nf6 17. Ne5 Re8 18. N3g4 h5 19. Bxf6 Bxf6 20. Nh6+ Kg7 21. Nhxf7
Qe7 22. Bxg6 Nxe5 23. Nxe5 Rh8 24. Bxh5 Bxe5 25. Qg4+ Kf8 26. Rxe5 Rxh5 27. Rxh5
Ke8 28. Qg6+ Kd8 29. Rh8+ 1-0

[Event "AUTO-MASTER-3052"]
[Site "http://www.queenalice.com/game.php?id=1763362"]
[Date "2021.6.30"]
[Round "1"]
[White "ignacius"]
[Black "cavaleiro_cambraia"]
[Result "0-1"]
[WhiteElo "2060"]
[BlackElo "2359"]

1. d4 Nf6 2. c4 c5 3. d5 e6 4. Nc3 exd5 5. cxd5 Bd6 6. e4 O-O 7. Bd3 Re8 8. Be3
c4 9. Bc2 Na6 10. a3 Bc5 11. Bxc5 Nxc5 12. Qf3 d6 13. Qf4 Qb6 14. Rb1 Ncxe4 15.
Nge2 Nxc3 16. bxc3 Qa5 17. Qd2 Qxa3 18. O-O Qc5 19. Nf4 b5 20. Rbd1 a5 21. g3 b4
22. cxb4 axb4 23. Rb1 b3 24. Bd1 Ra2 25. Qc3 Rxf2 26. Rxf2 Qxf2+ 27. Kxf2 Ne4+
28. Kf3 Nxc3 29. Bxb3 Nxb1 0-1

[Event "AUTO-MASTER-3052"]
[Site "http://www.queenalice.com/game.php?id=1763381"]
[Date "2021.6.30"]
[Round "1"]
[White "ignacius"]
[Black "cerenzo72"]
[Result "1/2-1/2"]
[WhiteElo "2054"]
[BlackElo "2127"]

1. d4 Nf6 2. c4 d6 3. e3 g6 4. g3 Bg7 5. Bg2 O-O 6. Nc3 c5 7. d5 Nbd7 8. Nf3 Re8
9. O-O Nb6 10. Qb3 e6 11. dxe6 Bxe6 12. Nd2 Qe7 13. e4 Nfd7 14. Nd5 Bxd5 15.
cxd5 Ne5 16. Qc2 c4 17. Re1 Nd3 18. Re2 Rac8 19. Rb1 Bd4 20. Nf1 Nxd5 21. Be3
N5b4 22. Qa4 Bxe3 23. Nxe3 a6 24. a3 b5 25. Qd1 Nc6 26. Nd5 Qe5 27. Qd2 Qd4 28.
Qg5 Kg7 29. Nb6 Rcd8 30. Nd5 h6 31. Qe3 Qxe3 32. Rxe3 Ne7 33. Nc7 Rf8 34. Nxa6
Rd7 35. Bf1 Ra7 36. Bxd3 Rxa6 37. Bc2 f6 38. Rd1 Rd8 39. f4 d5 40. exd5 Nxd5 41.
Re4 f5 42. Re5 Rad6 43. Rd4 Kf6 44. Bd1 Nc7 45. Rxd6+ Rxd6 46. Bf3 g5 47. Rc5
Rd7 48. Rc6+ Kg7 49. fxg5 hxg5 50. Rc5 Kf6 51. Rc6+ Ke7 52. Rc5 Ke6 53. Rc6+ Ke7
54. Rc5 Ke6 1/2-1/2

[Event "AUTO-MASTER-3052"]
[Site "http://www.queenalice.com/game.php?id=1763382"]
[Date "2021.6.30"]
[Round "1"]
[White "cerenzo72"]
[Black "ignacius"]
[Result "1/2-1/2"]
[WhiteElo "2140"]
[BlackElo "2054"]

1. e4 c5 2. Nf3 a6 3. d4 cxd4 4. Nxd4 g6 5. c3 Bg7 6. Bc4 e6 7. O-O b5 8. Bb3
Bb7 9. Qe2 Nc6 10. Nd2 Na5 11. Qe3 Nxb3 12. N2xb3 Nf6 13. Nc5 Rb8 14. Nxb7 Rxb7
15. e5 Nd5 16. Qe4 Qc7 17. Re1 O-O 18. Nf3 Ne7 19. g4 Nc6 20. b3 d5 21. exd6
Qxd6 22. Bf4 Qd7 23. Rad1 Qc8 24. Nd4 Nxd4 25. cxd4 Rd7 26. Rc1 Qa8 27. Qxa8
Rxa8 28. Be5 Rad8 29. g5 Bxe5 30. dxe5 Ra7 31. Rc2 Rd5 32. Ree2 b4 33. f4 a5 34.
Kg2 Kg7 35. h4 Rd3 36. Rf2 Rd5 37. Kg3 Rad7 38. Kg4 h5+ 39. gxh6+ Kxh6 40. Rh2
Rd4 41. Rc4 Rd2 42. Rc2 Rxh2 43. Rxh2 Rd1 44. Rg2 Rd4 45. Rf2 Rd1 46. Rg2
1/2-1/2

[Event "AUTO-OPEN-4289"]
[Site "http://www.queenalice.com/game.php?id=1763571"]
[Date "2021.7.3"]
[Round "1"]
[White "Canaye"]
[Black "ignacius"]
[Result "1-0"]
[WhiteElo "1820"]
[BlackElo "2091"]

1. d4 d5 2. c4 c6 3. Nc3 e6 4. cxd5 cxd5 5. g3 Nf6 6. Bg2 Bb4 7. Qc2 O-O 8. e3
Nc6 9. Ne2 e5 10. O-O e4 11. a3 Ba5 12. b4 Bc7 13. f3 exf3 14. Bxf3 Bg4 15. Qd2
Bxf3 16. Rxf3 Re8 17. Bb2 Re7 18. Raf1 Qd7 19. Rxf6 gxf6 20. Rxf6 Re6 21. Rf3
Rg6 22. e4 Ne7 23. e5 Nf5 24. Nf4 Rg4 25. Nce2 Rg7 26. Nh5 Rg6 27. Nef4 Qd8 28.
Nxg6 hxg6 29. Nf6+ Kg7 30. Bc1 Bb6 31. Rxf5 Qh8 32. Rf3 Rd8 33. Qe3 Qh3 34. Qf4
Rh8 35. Ng4 Rf8 36. Qf6+ Kh7 37. Rf4 Bd8 38. Qd6 Bg5 39. Qxf8 Bxf4 40. Qxf7+ Kh8
41. Qxf4 1-0

[Event "AUTO-OPEN-4289"]
[Site "http://www.queenalice.com/game.php?id=1763597"]
[Date "2021.7.3"]
[Round "1"]
[White "Fauquinelle"]
[Black "ignacius"]
[Result "1-0"]
[WhiteElo "1972"]
[BlackElo "2057"]

1. c4 c5 2. g3 g6 3. d4 cxd4 4. Qxd4 Nf6 5. Bg2 Bg7 6. Nf3 Nc6 7. Qd3 O-O 8. O-O
e6 9. a3 d5 10. Nc3 a6 11. Bf4 d4 12. Ne4 Nxe4 13. Qxe4 Re8 14. Rad1 Qb6 15. Rd2
Qc5 16. e3 dxe3 17. Bxe3 Qe7 18. Rfd1 e5 19. b3 Bf5 20. Qd5 Rad8 21. Qc5 Qxc5
22. Bxc5 Rxd2 23. Rxd2 Bh6 24. Be3 Bxe3 25. fxe3 Bg4 26. Ne1 Re7 27. b4 e4 28.
b5 axb5 29. cxb5 Na5 30. Rd4 Bf5 31. h3 Nb3 32. Rd8+ Kg7 33. g4 Bd7 34. Bf1 Nc5
35. Nc2 Nd3 36. Nd4 Nc5 37. Bc4 Ne6 38. Rb8 Nc5 39. Ra8 Be8 40. a4 Nd3 41. Kf1
Ne5 42. Bd5 Nd3 43. Ra7 Nc5 44. a5 Rd7 45. Bc4 Kf8 46. a6 bxa6 47. Rxd7 Nxd7 48.
bxa6 Nb6 49. a7 Bd7 50. Bd5 Ke7 51. a8=Q Nxa8 52. Bxa8 f5 53. gxf5 gxf5 54. h4
Kf6 55. Kf2 Ke5 56. Ne2 Be8 57. Bb7 h6 58. Bc8 Bf7 59. Ng3 f4 60. exf4+ Kxf4 61.
Ne2+ Ke5 62. Ke3 Bh5 63. Ng3 Bf3 64. Bb7 Bg2 65. Bxe4 Bxe4 66. Nxe4 Kf5 67. Kf3
Kg6 68. Kg4 h5+ 69. Kf4 Kh6 70. Kf5 1-0

[Event "AUTO-OPEN-4289"]
[Site "http://www.queenalice.com/game.php?id=1763598"]
[Date "2021.7.3"]
[Round "1"]
[White "ignacius"]
[Black "Fauquinelle"]
[Result "1/2-1/2"]
[WhiteElo "2059"]
[BlackElo "1937"]

1. d4 f5 2. c4 Nf6 3. e3 e6 4. g3 d5 5. cxd5 exd5 6. Bg2 Be6 7. a3 Bd6 8. Qb3
Qc8 9. Nc3 c6 10. Nf3 Nbd7 11. Ng5 Nb6 12. Nxe6 Qxe6 13. O-O O-O 14. Qc2 Rf7 15.
Bh3 g6 16. b4 Nc4 17. Na4 b5 18. Nc5 Bxc5 19. dxc5 a5 20. Bb2 axb4 21. axb4 Rfa7
22. Rxa7 Rxa7 23. Ra1 Rxa1+ 24. Bxa1 Ne4 25. Bf1 Ncd2 26. Qb2 Kf8 27. Qh8+ Qg8
28. Qb2 Nf3+ 29. Kh1 Ke7 30. Bg2 Nfd2 31. Qe5+ Kd7 32. Bxe4 Nxe4 33. Kg2 Qf8 34.
h4 Qe7 35. Qd4 Ke6 36. f3 Nf6 37. Qe5+ Kf7 38. Kf2 Qxe5 1/2-1/2

[Event "AUTO-OPEN-4289"]
[Site "http://www.queenalice.com/game.php?id=1763615"]
[Date "2021.7.3"]
[Round "1"]
[White "ignacius"]
[Black "Elcid"]
[Result "0-1"]
[WhiteElo "2061"]
[BlackElo "1897"]

1. d4 d5 2. c4 e6 3. cxd5 exd5 4. Nf3 c5 5. e3 Nf6 6. Bb5+ Nbd7 7. Nc3 a6 8.
Bxd7+ Bxd7 9. a3 Rc8 10. O-O Be7 11. Ne5 Be6 12. dxc5 Bxc5 13. Bd2 O-O 14. Nd3
Ba7 15. Nf4 Bf5 16. Bc1 d4 17. exd4 Qxd4 18. Qxd4 Bxd4 19. Nfd5 Nxd5 20. Nxd5
Rfe8 21. Ne3 Bg6 22. g3 Bxe3 23. Bxe3 Rc2 24. b4 h6 25. Rfc1 b5 26. Rxc2 Bxc2
27. Rc1 Rc8 28. Bc5 Be4 29. Rd1 Bf3 30. Rd6 Re8 31. Be3 Rc8 32. Kf1 Rc6 33. Rxc6
Bxc6 34. Ke2 g5 35. Kd3 Kg7 36. Kd4 f6 37. Kc5 Bb7 38. Kb6 Bc8 39. Kc7 Bh3 40.
Kd6 Kf7 41. Bd4 Bg2 42. Kc7 f5 43. Kb6 Bf1 44. Kxa6 Ke6 45. Ka5 h5 46. a4 bxa4
47. Kxa4 Kd5 48. Bc5 Kc6 49. Ka5 Be2 0-1

[Event "AUTO-OPEN-4289"]
[Site "http://www.queenalice.com/game.php?id=1763616"]
[Date "2021.7.3"]
[Round "1"]
[White "Elcid"]
[Black "ignacius"]
[Result "1-0"]
[WhiteElo "1902"]
[BlackElo "2056"]

1. d4 d5 2. Nc3 e6 3. Bf4 Nf6 4. Nb5 Na6 5. e3 Be7 6. g4 c6 7. Nc3 Nc7 8. g5 Nd7
9. Nf3 Nf8 10. h4 Ng6 11. Bg3 c5 12. Be2 a6 13. h5 Nf8 14. Qd2 Bxg5 15. Nxg5
Qxg5 16. Bxc7 Qg2 17. O-O-O g6 18. Be5 Rg8 19. h6 c4 20. f4 b5 21. Rdg1 Qxh1 22.
Rxh1 1-0

[Event "AUTO-OPEN-4236"]
[Site "http://www.queenalice.com/game.php?id=1773362"]
[Date "2021.10.28"]
[Round "3"]
[White "ignacius"]
[Black "cerenzo72"]
[Result "0-1"]
[WhiteElo "2038"]
[BlackElo "2113"]

1. d4 Nf6 2. c4 d6 3. g3 c6 4. Bg2 Nbd7 5. Nf3 g6 6. Nc3 Bg7 7. O-O O-O 8. e4 e5
9. d5 Nc5 10. Nd2 cxd5 11. cxd5 a6 0-1

[Event "AUTO-OPEN-4236"]
[Site "http://www.queenalice.com/game.php?id=1773364"]
[Date "2021.10.28"]
[Round "3"]
[White "ignacius"]
[Black "RaulSoft"]
[Result "0-1"]
[WhiteElo "2023"]
[BlackElo "2707"]

1. d4 d5 2. c4 e6 3. cxd5 exd5 4. g3 Nf6 5. Bg2 Bd6 6. Nc3 O-O 7. Nxd5 Nxd5 8.
Bxd5 Bb4+ 9. Bd2 Qxd5 10. Nf3 Bxd2+ 11. Qxd2 Bh3 12. Rg1 Re8 0-1

[Event "AUTO-OPEN-4236"]
[Site "http://www.queenalice.com/game.php?id=1773365"]
[Date "2021.10.28"]
[Round "3"]
[White "RaulSoft"]
[Black "ignacius"]
[Result "1-0"]
[WhiteElo "2706"]
[BlackElo "2025"]

1. d4 d5 2. c4 c6 3. Nf3 g6 4. Nc3 Bg7 5. cxd5 cxd5 6. Bf4 e6 7. e3 Nf6 8. Nb5
Qa5+ 9. Nd2 Na6 10. b4 Qb6 11. Nd6+ Kf8 12. Rc1 Bd7 13. b5 1-0